| 000 | 00642nam a22002177a 4500 | ||
|---|---|---|---|
| 005 | 20251108173555.0 | ||
| 008 | 250721s2005 xx 000 0 ara d | ||
| 082 | 1 | 4 | _aط/307.7/أست |
| 100 | 1 |
_aأستون، كلير _eمؤلف |
|
| 245 | 1 | 0 | _aالغرب الأمريكي / |
| 246 | 1 | 1 | _awild west |
| 264 | 1 |
_aالقاهره : _bدار الفاروق، _c2005. |
|
| 300 | _a28 | ||
| 490 | 0 | _aرحلة عبر الزمن | |
| 650 | 1 | 7 | _aالمجتمعات |
| 650 | 1 | 7 | _aالغرب |
| 653 | _aاطفال مرحلة متوسطة 6-9 سنوات | ||
| 700 | 1 |
_aدينيس، بيتر _eرسام |
|
| 942 |
_2ddc _cBK |
||
| 999 |
_c107169 _d107169 |
||